[Event "interzonal (w)"]
[Site "Chisinau MDA"]
[Date "1995.??.??"]
[Round "6"]
[White "Lin Ye"]
[Black "Zhukova, Natalia"]
[Result "1/2-1/2"]
[WhiteElo "2205"]
[BlackElo "2360"]
[EventDate "1995.09.??"]
[PlyCount "65"]

1.c4 e6 2.Nc3 d5 3.d4 c5 4.cxd5 exd5 5.Nf3 Nc6 6.g3 c4 7.Bg2 Bb4 8.O-O 
Nge7 9.e4 O-O 10.exd5 Nxd5 11.Bg5 Qa5 12.Nxd5 Qxd5 13.Ne5 Qb5 14.Nxc6 bxc6
15.Be3 Be6 16.a4 Qa6 17.Qc2 Rab8 18.Rfc1 Ba5 19.Bf1 Rb4 20.Bd2 Rb6 21.Bf4 
Qb7 22.Rab1 h6 23.Bxc4 Bxc4 24.Qxc4 Rxb2 25.Rxb2 Qxb2 26.Qxc6 Bb6 27.Be3 
Bxd4 28.Bxd4 Qxd4 29.Re1 f5 30.Re8 Rxe8 31.Qxe8+ Kh7 32.Qb5 Kg6 33.Kg2 
1/2-1/2

[Event "interzonal (w)"]
[Site "Chisinau MDA"]
[Date "1995.??.??"]
[Round "6"]
[White "Peng Zhaoqin"]
[Black "Wang Lei"]
[Result "1-0"]
[WhiteElo "2355"]
[BlackElo "2290"]
[EventDate "1995.09.??"]
[PlyCount "85"]

1.d4 d5 2.c4 dxc4 3.Nf3 Nf6 4.Na3 c5 5.Qa4+ Nc6 6.dxc5 e6 7.Qxc4 Qa5+ 8.
Bd2 Qxc5 9.e3 Qxc4 10.Nxc4 Ne4 11.Bd3 Nxd2 12.Kxd2 Bd7 13.a3 f6 14.Ke2 b5 
15.Ncd2 Rb8 16.Rhc1 f5 17.Nb3 Bd6 18.Nc5 Ke7 19.Rc2 Rhc8 20.Nxd7 Kxd7 21.
Rd1 Ke7 22.Rdc1 Kd7 23.Ng5 Rb6 24.Nxh7 Be7 25.g3 g5 26.h3 a6 27.g4 fxg4 
28.hxg4 Rbb8 29.Rd1 Kc7 30.Be4 Kb6 31.Rd7 Rb7 32.Rxb7+ Kxb7 33.f4 gxf4 34.
exf4 Kb6 35.Rxc6+ Rxc6 36.Bxc6 Kxc6 37.Kd3 Kd7 38.b4 a5 39.bxa5 Bxa3 40.a6
Bc5 41.Ng5 Bb6 42.Nf7 Kc7 43.g5 1-0

[Event "interzonal (w)"]
[Site "Chisinau MDA"]
[Date "1995.??.??"]
[Round "6"]
[White "Petrenko, Svetlana"]
[Black "Radu, Elena-Luminita"]
[Result "1/2-1/2"]
[WhiteElo "2250"]
[BlackElo "2330"]
[EventDate "1995.09.??"]
[PlyCount "121"]

1.e4 Nf6 2.e5 Nd5 3.d4 d6 4.c4 Nb6 5.exd6 cxd6 6.b3 g6 7.Bb2 Bg7 8.Nf3 O-O
9.Be2 Nc6 10.O-O d5 11.h3 Bf5 12.Na3 Rc8 13.Rc1 h6 14.Qd2 Be4 15.Rfd1 Bxf3
16.Bxf3 e6 17.c5 Nd7 18.Nb5 a6 19.Nd6 Rb8 20.b4 Nf6 21.a4 Ne8 22.Nxe8 Rxe8
23.b5 axb5 24.axb5 Na5 25.Qb4 Bf8 26.Bc3 b6 27.Qa4 Ra8 28.Qc2 Nc4 29.c6 
Qc7 30.Be2 Nd6 31.Bd3 Ra7 32.Ra1 Rea8 33.Qb2 Rxa1 34.Rxa1 Rxa1+ 35.Qxa1 
Nc8 36.Qa6 Bd6 37.Qb7 Qb8 38.Qd7 Bc7 39.Bb4 Nd6 40.Bxg6 fxg6 41.Qxe6+ Kg7 
42.Qe5+ Kh7 43.Qe7+ Kg8 44.Qe8+ Kg7 45.Qe5+ Kh7 46.Qe7+ Kg8 47.Bd2 Nf7 48.
Qe6 Kg7 49.Qxd5 Qc8 50.g4 h5 51.Qe4 hxg4 52.hxg4 Qh8 53.Bf4 Qb8 54.Be3 Qd8
55.d5 Qh4 56.Bd4+ Kh7 57.Qe6 Qh2+ 58.Kf1 Qf4 59.Bf6 Kh6 60.Qxf7 Qc4+ 61.
Ke1 1/2-1/2

[Event "interzonal (w)"]
[Site "Chisinau MDA"]
[Date "1995.??.??"]
[Round "6"]
[White "Qin Kanying"]
[Black "Kulish, Irina"]
[Result "1-0"]
[WhiteElo "2370"]
[BlackElo "2300"]
[EventDate "1995.09.??"]
[PlyCount "89"]

1.e4 e5 2.Nf3 Nc6 3.Bb5 f5 4.Nc3 fxe4 5.Nxe4 d5 6.Nxe5 dxe4 7.Nxc6 Qg5 8.
Qe2 Nf6 9.f4 Qxf4 10.Ne5+ c6 11.d4 Qh4+ 12.g3 Qh3 13.Bc4 Be6 14.Bg5 O-O-O 
15.O-O-O Bd6 16.Rhf1 Rhf8 17.Bxe6+ Qxe6 18.Qc4 Rde8 19.Qxe6+ Rxe6 20.Nc4 
Bc7 21.Kd2 h6 22.Bxf6 Rexf6 23.Rxf6 gxf6 24.Rf1 f5 25.Ke3 h5 26.Ne5 c5 27.
Ng6 cxd4+ 28.Kxd4 Rf7 29.Rxf5 Rd7+ 30.Kxe4 Rd2 31.Ne7+ Kb8 32.Nd5 Bd8 33.
Rxh5 Rxc2 34.b4 Rxa2 35.h4 a5 36.Rh8 Kc8 37.bxa5 Rxa5 38.h5 Kd7 39.Rg8 Ra1
40.g4 Rh1 41.Kf5 Ba5 42.g5 b5 43.h6 Kc6 44.Nf6 b4 45.h7 1-0

[Event "interzonal (w)"]
[Site "Chisinau MDA"]
[Date "1995.??.??"]
[Round "6"]
[White "Ratcu, Tatiana"]
[Black "Ciuksyte, Dagne"]
[Result "0-1"]
[WhiteElo "2080"]
[BlackElo "2225"]
[EventDate "1995.09.??"]
[PlyCount "106"]

1.e4 c5 2.c3 d5 3.exd5 Qxd5 4.d4 e6 5.Nf3 Nf6 6.Be2 Nc6 7.Na3 cxd4 8.Nb5 
Qd8 9.Nbxd4 Nxd4 10.Nxd4 Be7 11.O-O O-O 12.Qc2 Qa5 13.b3 e5 14.Nf3 Be6 15.
c4 Rac8 16.Bd2 Qc7 17.Bc3 Nd7 18.Qb2 Bd6 19.Bd3 Bg4 20.Ng5 h6 21.Ne4 Nc5 
22.Nxc5 Qxc5 23.b4 Qc7 24.c5 f6 25.Qb3+ Kh8 26.Bd2 Be7 27.Bg6 Qc6 28.h3 
Be6 29.Qg3 Rcd8 30.Rad1 Bf7 31.Bxf7 Rxf7 32.Qg6 Qe8 33.Be3 Rf8 34.Qe4 Qc6 
35.Qf5 b6 36.Bd2 bxc5 37.bxc5 Bxc5 38.Qg6 Qe8 39.Qc2 Bd4 40.Ba5 Rd5 41.Bb4
Rf7 42.Rc1 f5 43.Qc4 Rd8 44.Rfe1 Rf6 45.Re2 Qf7 46.Qb5 Rb6 47.Qa4 Qb7 48.
Bc5 Rg6 49.g4 fxg4 50.Qc2 Qc6 51.Qe4 gxh3+ 52.Kh2 Qxe4 53.Rxe4 Rc8 0-1

[Event "interzonal (w)"]
[Site "Chisinau MDA"]
[Date "1995.??.??"]
[Round "6"]
[White "Skripchenko, Almira"]
[Black "Belakovskaia, Anjelina"]
[Result "1-0"]
[WhiteElo "2400"]
[BlackElo "2345"]
[EventDate "1995.09.??"]
[PlyCount "113"]

1.e4 c6 2.c4 e5 3.Nf3 d6 4.d4 Nd7 5.Nc3 Ngf6 6.g3 Be7 7.Bg2 O-O 8.O-O Re8 
9.Re1 Bf8 10.h3 a6 11.Bg5 Qa5 12.a3 b5 13.dxe5 dxe5 14.b4 Qc7 15.c5 a5 16.
Qd2 Be7 17.Nh4 g6 18.f4 axb4 19.axb4 Rxa1 20.Rxa1 Nxc5 21.bxc5 Bxc5+ 22.
Kh2 Nd7 23.f5 Nb6 24.Bf1 Qd6 25.Qxd6 Bxd6 26.Rd1 Bc5 27.Nxb5 cxb5 28.Bxb5 
Rf8 29.Bh6 gxf5 30.exf5 f6 31.Bxf8 Kxf8 32.Rc1 Bd4 33.Nf3 Bxf5 34.Nxd4 
exd4 35.Rf1 Be6 36.Rd1 Bc4 37.Bxc4 Nxc4 38.Rxd4 Ne5 39.Kg2 Kg7 40.g4 Kg6 
41.Rd6 h5 42.gxh5+ Kxh5 43.Rxf6 Ng6 44.Kg3 Kg5 45.Ra6 Nh4 46.Ra5+ Nf5+ 47.
Kf3 Kg6 48.Kf4 Nh6 49.h4 Ng8 50.h5+ Kh6 51.Rf5 Ne7 52.Rg5 Kh7 53.Re5 Ng8 
54.Kg5 Kg7 55.Re6 Kh7 56.h6 Kh8 57.Kg6 1-0

[Event "interzonal (w)"]
[Site "Chisinau MDA"]
[Date "1995.??.??"]
[Round "6"]
[White "Kiseleva, Natalia"]
[Black "Krupkova, Petra"]
[Result "0-1"]
[WhiteElo "2260"]
[BlackElo "2210"]
[EventDate "1995.09.??"]
[PlyCount "82"]

1.d4 Nf6 2.c4 g6 3.Nf3 Bg7 4.g3 O-O 5.Bg2 d5 6.cxd5 Nxd5 7.O-O Nb6 8.Nc3 
Nc6 9.d5 Na5 10.e4 c6 11.Bg5 h6 12.Bf4 cxd5 13.exd5 Nac4 14.Qe2 g5 15.Bc1 
e5 16.dxe6 Bxe6 17.h4 g4 18.Nh2 Qc8 19.Ne4 Rd8 20.Rb1 f5 21.Nc3 Ne5 22.
Bxh6 Bc4 23.Qe3 Bxh6 24.Qxh6 Bxf1 25.Nxf1 Nf7 26.Qf4 Qc5 27.Ne3 Qe5 28.
Qxf5 Qxf5 29.Nxf5 Rab8 30.Ne4 Ne5 31.b3 Rf8 32.Ned6 Rf6 33.Re1 Nbd7 34.Be4
Kh8 35.Rc1 b6 36.Rc7 a5 37.Nb5 Nc5 38.Bc2 Nf3+ 39.Kf1 Re8 40.Re7 Rxe7 41.
Nxe7 Re6 0-1

[Event "interzonal (w)"]
[Site "Chisinau MDA"]
[Date "1995.??.??"]
[Round "6"]
[White "Tsoganova, Monika"]
[Black "Hoang Thanh Trang"]
[Result "0-1"]
[WhiteElo "2295"]
[BlackElo "2405"]
[EventDate "1995.09.??"]
[PlyCount "86"]

1.d4 f5 2.g3 Nf6 3.Bg2 g6 4.Nf3 Bg7 5.O-O O-O 6.b3 d6 7.Bb2 Qe8 8.Nbd2 Nc6
9.Nc4 Bd7 10.Re1 Rd8 11.a4 h6 12.h4 Qf7 13.Na3 Ne4 14.e3 e5 15.c4 exd4 16.
exd4 Rde8 17.Nb5 Bc8 18.Qc2 a6 19.Nc3 Nb4 20.Qd1 c5 21.Ne2 g5 22.hxg5 hxg5
23.Rb1 f4 24.gxf4 gxf4 25.Nc3 Nxc3 26.Bxc3 Rxe1+ 27.Bxe1 Qg6 28.Bxb4 cxb4 
29.Nh4 Qg5 30.Nf3 Qh5 31.Kf1 Re8 32.Ng1 Qg6 33.Rb2 Bf5 34.Rd2 Kh8 35.Bxb7 
Bh6 36.Bf3 Rg8 37.Ne2 Bh3+ 38.Ke1 Qe6 39.Rd3 Rg1+ 40.Kd2 Rxd1+ 41.Kxd1 Qg6
42.Rd2 Bg2 43.Bxg2 Qxg2 0-1

[Event "interzonal (w)"]
[Site "Chisinau MDA"]
[Date "1995.??.??"]
[Round "6"]
[White "Zaitseva, Ludmila"]
[Black "Danielian, Elina"]
[Result "0-1"]
[WhiteElo "2360"]
[BlackElo "2320"]
[EventDate "1995.09.??"]
[PlyCount "90"]

1.d4 d6 2.Nf3 Nf6 3.c4 Nbd7 4.Nc3 e5 5.Bg5 c6 6.e3 Be7 7.Qc2 Qc7 8.Be2 O-O
9.h3 Re8 10.Bh4 exd4 11.Nxd4 Nc5 12.Bg3 Bf8 13.Bf3 Qe7 14.Rd1 Nfe4 15.Nxe4
Nxe4 16.Bf4 d5 17.cxd5 Qb4+ 18.Kf1 cxd5 19.a3 Qa5 20.Bc7 Qa6+ 21.Be2 Qf6 
22.Bb5 Bf5 23.Nxf5 Qxf5 24.Qe2 Rec8 25.Bh2 Rc2 26.Qxc2 Ng3+ 27.Bxg3 Qxc2 
28.Be2 Qxb2 29.Bf3 Rc8 30.Kg1 Qxa3 31.Rxd5 a5 32.Kh2 Qb4 33.Rd4 Qb2 34.
Rhd1 b5 35.Rd7 a4 36.Bd5 Qf6 37.e4 b4 38.Rd3 Rc3 39.Rd2 h5 40.e5 Qf5 41.
Ra7 h4 42.Bxh4 Qf4+ 43.Bg3 Qxd2 44.Bxf7+ Kh7 45.Rxa4 Ra3 0-1

[Event "interzonal (w)"]
[Site "Chisinau MDA"]
[Date "1995.??.??"]
[Round "7"]
[White "Burtman, Sharon"]
[Black "Thipsay, Bagyashree Sathe"]
[Result "1/2-1/2"]
[WhiteElo "2065"]
[BlackElo "2195"]
[EventDate "1995.09.??"]
[PlyCount "101"]

1.d4 d5 2.c4 e6 3.Nc3 c5 4.cxd5 exd5 5.Nf3 Nc6 6.g3 Nf6 7.Bg2 Be7 8.O-O 
O-O 9.dxc5 Bxc5 10.Bg5 d4 11.Bxf6 Qxf6 12.Nd5 Qd8 13.Nd2 Re8 14.Rc1 Bb6 
15.Nc4 Bg4 16.Re1 Bc5 17.a3 Bf8 18.b4 Rc8 19.Nf4 b5 20.Nb2 Ne5 21.Rxc8 
Bxc8 22.Nd5 Nc6 23.Qd3 a6 24.Rc1 Bb7 25.Qd2 Re6 26.Nd3 Rd6 27.N5f4 Qb6 28.
Nc5 Bc8 29.Ne4 Rd8 30.Nf6+ gxf6 31.Rxc6 Qb8 32.Nd3 Kg7 33.h4 Bd6 34.Rc1 
Bb7 35.Bxb7 Qxb7 36.Qc2 Qe7 37.Qb2 Qe4 38.Rc2 h5 39.Qb3 f5 40.Nc5 Bxc5 41.
Rxc5 Qxe2 42.Rxf5 Rd7 43.Qb1 f6 44.Qc1 Qg4 45.Rf4 Qe6 46.Qd1 Qd5 47.Qd3 
Re7 48.Rf3 Re1+ 49.Kg2 Qc4 50.Kh2 Qd5 51.Kg2 1/2-1/2

[Event "interzonal (w)"]
[Site "Chisinau MDA"]
[Date "1995.??.??"]
[Round "7"]
[White "Ciuksyte, Dagne"]
[Black "Bobrowska, Monika"]
[Result "0-1"]
[WhiteElo "2225"]
[BlackElo "2310"]
[EventDate "1995.09.??"]
[PlyCount "69"]

1.e4 e6 2.d4 d5 3.Nc3 Bb4 4.e5 c5 5.a3 Bxc3+ 6.bxc3 Qc7 7.Qg4 f6 8.Bd2 
fxe5 9.Qh5+ Qf7 10.Qxf7+ Kxf7 11.dxe5 Ne7 12.f4 Bd7 13.a4 Nbc6 14.Nf3 Rhf8
15.a5 Kg8 16.Bd3 b6 17.axb6 axb6 18.Kf2 c4 19.Be2 Rxa1 20.Rxa1 b5 21.g4 h6
22.Kg3 Be8 23.Ra6 Bd7 24.Rb6 Ra8 25.Rb7 Be8 26.Be3 Rb8 27.Rxb8 Nxb8 28.Bc5
Nec6 29.Kf2 Na6 30.Bd6 Bg6 31.Bd1 Be4 32.Nd2 Bh7 33.Nf3 Be4 34.Nd2 Bh7 35.
Ke3 0-1

[Event "interzonal (w)"]
[Site "Chisinau MDA"]
[Date "1995.??.??"]
[Round "7"]
[White "Radu, Elena-Luminita"]
[Black "Lin Ye"]
[Result "1/2-1/2"]
[WhiteElo "2330"]
[BlackElo "2205"]
[EventDate "1995.09.??"]
[PlyCount "121"]

1.e4 e5 2.Nf3 Nc6 3.Nc3 Nf6 4.d4 exd4 5.Nxd4 Bb4 6.Nxc6 bxc6 7.Bd3 d5 8.
exd5 cxd5 9.O-O O-O 10.Bg5 c6 11.Na4 Re8 12.c3 Bd6 13.Bh4 a5 14.Qf3 Ba6 
15.Bxf6 Qxf6 16.Qxf6 gxf6 17.Bxa6 Rxa6 18.Rfe1 Re6 19.c4 d4 20.c5 Be5 21.
g4 Ra8 22.Rad1 Rd8 23.Kg2 Bc7 24.b3 Rd5 25.h3 Kg7 26.Kf3 Kg6 27.Re4 Be5 
28.Ke2 f5 29.gxf5+ Kxf5 30.Kd3 Rh6 31.Rh1 Rg6 32.a3 Rg8 33.Re2 Rb8 34.Rb1 
Rb7 35.Rc2 Bc7 36.Rc4 Be5 37.Rc2 Bc7 38.Rc4 Be5 39.Rc2 Bc7 40.Re2 Kf6 41.
Re4 Rf5 42.Rxd4 Rf3+ 43.Ke2 Rbxb3 44.Rd7 Be5 45.Rxb3 Rxb3 46.Rd3 Rb5 47.
Nb6 Ke6 48.Re3 Kf5 49.Rf3+ Kg6 50.Nd7 f6 51.Rd3 Kf5 52.Ke3 h5 53.Kf3 a4 
54.Nb6 Rxc5 55.Nxa4 Rb5 56.Ke2 c5 57.Rd5 Ra5 58.Nxc5 Rxa3 59.Rd3 Ra2+ 60.
Ke3 Rc2 61.Ne4 1/2-1/2

[Event "interzonal (w)"]
[Site "Chisinau MDA"]
[Date "1995.??.??"]
[Round "7"]
[White "Danielian, Elina"]
[Black "Skripchenko, Almira"]
[Result "0-1"]
[WhiteElo "2320"]
[BlackElo "2400"]
[EventDate "1995.09.??"]
[PlyCount "102"]

1.d4 Nf6 2.Nf3 g6 3.Bg5 Bg7 4.Nbd2 d5 5.e3 O-O 6.Be2 Nbd7 7.O-O c6 8.b4 
Re8 9.c3 e5 10.Nb3 h6 11.Bxf6 Bxf6 12.a4 Qe7 13.b5 exd4 14.bxc6 bxc6 15.
cxd4 c5 16.Bb5 c4 17.Na5 Qe6 18.Rb1 Rf8 19.Re1 Bd8 20.Nc6 a6 21.Nxd8 Rxd8 
22.Bxd7 Bxd7 23.Ne5 Be8 24.Qc2 Rab8 25.e4 Rxb1 26.Qxb1 dxe4 27.Rxe4 Bxa4 
28.Ng4 Qd6 29.d5 h5 30.Ne3 Rb8 31.Qa1 Rb4 32.f3 Bb5 33.g4 h4 34.g5 c3 35.
Qxc3 Rxe4 36.fxe4 Qf4 37.e5 Qxg5+ 38.Kf2 Qf4+ 39.Kg1 Qg5+ 40.Kf2 Qf4+ 41.
Kg1 Qe4 42.Kf2 Qh1 43.Qc8+ Kg7 44.Qc3 Qxh2+ 45.Kf3 g5 46.e6+ Kg6 47.d6 
Qg3+ 48.Ke4 Qxd6 49.Nd5 Qxe6+ 50.Kd4 Qg4+ 51.Ke5 Qg3+ 0-1

[Event "interzonal (w)"]
[Site "Chisinau MDA"]
[Date "1995.??.??"]
[Round "7"]
[White "Hoang Thanh Trang"]
[Black "Foisor, Cristina"]
[Result "1/2-1/2"]
[WhiteElo "2405"]
[BlackElo "2345"]
[EventDate "1995.09.??"]
[PlyCount "64"]

1.d4 Nf6 2.c4 g6 3.Nc3 Bg7 4.e4 d6 5.Be2 O-O 6.Bg5 Na6 7.Qd2 e5 8.d5 Qe8 
9.f3 Nh5 10.Bd1 f5 11.Nge2 Bd7 12.O-O f4 13.g4 Bf6 14.Bxf6 Nxf6 15.Nc1 g5 
16.Nd3 h5 17.h3 Kg7 18.Kg2 Rh8 19.Bc2 Qg6 20.Rh1 Rh6 21.Nf2 Rah8 22.Rag1 
hxg4 23.hxg4 Rh4 24.Rxh4 Rxh4 25.Qc1 Qh6 26.Rh1 Rxh1 27.Qxh1 Qxh1+ 28.Kxh1
Nc5 29.b4 Na4 30.Nxa4 Bxa4 31.Bd1 Bd7 32.Kg2 Kf7 1/2-1/2

[Event "interzonal (w)"]
[Site "Chisinau MDA"]
[Date "1995.??.??"]
[Round "7"]
[White "Ioseliani, Nana"]
[Black "Arakhamia, Ketevan"]
[Result "1-0"]
[WhiteElo "2475"]
[BlackElo "2420"]
[EventDate "1995.09.??"]
[PlyCount "121"]

1.e4 c5 2.c3 d5 3.exd5 Qxd5 4.d4 Nf6 5.Nf3 Nc6 6.Be2 cxd4 7.cxd4 e6 8.Nc3 
Qd8 9.O-O Be7 10.Bf4 O-O 11.Rc1 b6 12.Bd3 Bb7 13.Bb1 Nb4 14.Re1 Rc8 15.Be5
Nbd5 16.Qd3 g6 17.h3 Nh5 18.Nxd5 Qxd5 19.Qe3 Rxc1 20.Rxc1 Rc8 21.Rxc8+ 
Bxc8 22.Be4 Qd7 23.Bb8 Nf6 24.Ne5 Qa4 25.Bf3 Qc2 26.Nc6 Bf8 27.Qf4 Nd5 28.
Bxd5 exd5 29.Qf6 Qf5 30.Qxf5 Bxf5 31.Bxa7 Bb1 32.a3 b5 33.Bc5 Bh6 34.Ne7+ 
Kg7 35.Nxd5 Bc1 36.b3 Bc2 37.Nc3 Bd2 38.Nxb5 Bxb3 39.Nd6 f5 40.Kf1 Bd1 41.
Bb4 Bf4 42.Nb5 Kf6 43.Ke1 Bb3 44.g3 Bc1 45.Nc7 f4 46.g4 f3 47.d5 Ke5 48.d6
Bg5 49.Na6 h5 50.Nc5 Bd5 51.d7 hxg4 52.hxg4 Bc6 53.a4 Kd5 54.a5 Kc4 55.Ba3
Bd5 56.a6 Kb5 57.Nb7 Kxa6 58.d8=Q Bxd8 59.Nxd8 Kb6 60.Be7 Kc7 61.Kd2 1-0

[Event "interzonal (w)"]
[Site "Chisinau MDA"]
[Date "1995.??.??"]
[Round "7"]
[White "Khurtsidze, Nino"]
[Black "Stefanova, Antoaneta"]
[Result "0-1"]
[WhiteElo "2295"]
[BlackElo "2415"]
[EventDate "1995.09.??"]
[PlyCount "92"]

1.d4 d5 2.c4 c6 3.Nc3 Nf6 4.Nf3 Bf5 5.cxd5 cxd5 6.Qb3 Qb6 7.Nxd5 Nxd5 8.
Qxd5 e6 9.Qb3 Qxb3 10.axb3 Bc2 11.Nd2 Bb4 12.Ra4 Nc6 13.e3 Bxd2+ 14.Bxd2 
Bxb3 15.Ra3 Bd5 16.f3 f5 17.Bd3 Ne7 18.e4 fxe4 19.fxe4 Bc6 20.O-O a6 21.
Bc4 Bd7 22.d5 exd5 23.exd5 Rc8 24.Ba2 Rc2 25.Bf4 Rf8 26.Re3 Bb5 27.Rfe1 
Rxf4 28.Rxe7+ Kd8 29.Rxg7 Rxb2 30.Bb1 Rbf2 31.h3 Rf1+ 32.Rxf1 Rxf1+ 33.Kh2
Rxb1 34.Rxb7 Bd3 35.Ra7 Rb6 36.g4 Rd6 37.Kg3 Rxd5 38.h4 Kc8 39.g5 Kb8 40.
Rg7 a5 41.h5 a4 42.g6 Rxh5 43.gxh7 Rxh7 44.Rg8+ Kb7 45.Rd8 Bc2 46.Rd2 Rc7 
0-1

[Event "interzonal (w)"]
[Site "Chisinau MDA"]
[Date "1995.??.??"]
[Round "7"]
[White "Kulish, Irina"]
[Black "Bojkovic, Natasa"]
[Result "0-1"]
[WhiteElo "2300"]
[BlackElo "2425"]
[EventDate "1995.09.??"]
[PlyCount "88"]

1.e4 c5 2.Nf3 e6 3.b3 b6 4.Bb2 Bb7 5.Nc3 d6 6.d4 cxd4 7.Nxd4 Nf6 8.Bb5+ 
Nbd7 9.O-O a6 10.Bc6 Bxc6 11.Nxc6 Qc7 12.Nd4 Be7 13.Kh1 O-O 14.f4 Rfe8 15.
Qf3 b5 16.a3 Rac8 17.Rad1 Bf8 18.Rd2 Nc5 19.f5 d5 20.fxe6 dxe4 21.exf7+ 
Qxf7 22.Qh3 Rcd8 23.b4 Qc4 24.Nce2 e3 25.Rdd1 Nce4 26.Qxe3 Ng4 27.Qf4 
Nef2+ 28.Rxf2 Nxf2+ 29.Qxf2 Rxe2 30.Qg1 Re4 31.h3 Qd5 32.Rd3 Qa2 33.Rb3 
Rde8 34.Nf3 Re2 35.Qd1 Kh8 36.Kh2 R2e3 37.Qd7 R3e7 38.Qd1 Re3 39.Qd7 R3e7 
40.Qd1 Re6 41.Qd3 Bd6+ 42.Kg1 Qb1+ 43.Kf2 Qh1 44.Bd4 Rg6 0-1

[Event "interzonal (w)"]
[Site "Chisinau MDA"]
[Date "1995.??.??"]
[Round "7"]
[White "Lomineishvili, Maia"]
[Black "Calzetta Ruiz, Monica"]
[Result "0-1"]
[WhiteElo "2295"]
[BlackElo "2130"]
[EventDate "1995.09.??"]
[PlyCount "60"]

1.d4 Nf6 2.c4 c5 3.d5 b5 4.cxb5 a6 5.f3 d6 6.e4 g5 7.Nc3 Bg7 8.f4 O-O 9.
Nf3 axb5 10.Bxb5 Nxe4 11.Nxe4 Qa5+ 12.Nc3 Bxc3+ 13.bxc3 Qxb5 14.Kf2 Qc4 
15.Qd2 Nd7 16.Qe2 Qxe2+ 17.Kxe2 Nf6 18.Rd1 Ba6+ 19.Ke1 Bc4 20.a3 Nxd5 21.
Nd2 Ne3 22.Nxc4 Nc2+ 23.Kf2 Nxa1 24.Bb2 Nb3 25.Nb6 Ra7 26.Nd5 Rb8 27.Re1 
e6 28.Nf6+ Kg7 29.Ne4 d5 30.c4+ Nd4 0-1

[Event "interzonal (w)"]
[Site "Chisinau MDA"]
[Date "1995.??.??"]
[Round "7"]
[White "Maksimovic, Suzana"]
[Black "Ratcu, Tatiana"]
[Result "1-0"]
[WhiteElo "2190"]
[BlackElo "2080"]
[EventDate "1995.09.??"]
[PlyCount "49"]

1.d4 Nf6 2.c4 c5 3.e3 g6 4.Nf3 Bg7 5.Nc3 O-O 6.Be2 cxd4 7.exd4 d5 8.O-O 
dxc4 9.Ne5 Nbd7 10.Bg5 a6 11.Bxc4 Qc7 12.Qe2 e6 13.Rac1 Qb6 14.Rfd1 Nxe5 
15.dxe5 Nd7 16.Be7 Re8 17.Bd6 Qa7 18.Bb3 b5 19.Ne4 Nxe5 20.Rc7 Qb6 21.Ng5 
f6 22.Qe4 Rb8 23.Nxh7 Bb7 24.Qh4 g5 25.Nxf6+ 1-0

[Event "interzonal (w)"]
[Site "Chisinau MDA"]
[Date "1995.??.??"]
[Round "7"]
[White "Matveeva, Svetlana"]
[Black "Gaponenko, Inna"]
[Result "1-0"]
[WhiteElo "2440"]
[BlackElo "2365"]
[EventDate "1995.09.??"]
[PlyCount "77"]

1.d4 d5 2.c4 c6 3.Nc3 e5 4.e3 exd4 5.exd4 Nf6 6.Nf3 Bd6 7.c5 Be7 8.Bd3 b6 
9.b4 a5 10.Na4 Nbd7 11.b5 cxb5 12.Bxb5 bxc5 13.Ne5 Qc7 14.Bf4 Bd6 15.O-O 
c4 16.Nxd7 Bxd7 17.Re1+ Kf8 18.Bxd6+ Qxd6 19.Bxd7 Nxd7 20.Nc3 g6 21.Qf3 
Nf6 22.Nb5 Qd8 23.Nc7 Rc8 24.Re8+ Nxe8 25.Ne6+ Kg8 26.Nxd8 Rxd8 27.Rb1 Kg7
28.Rb6 Rf8 29.g4 h6 30.Qf4 f6 31.Rc6 Rf7 32.h4 a4 33.g5 hxg5 34.hxg5 fxg5 
35.Qe5+ Kh7 36.Qxg5 Rd6 37.Rxd6 Nxd6 38.Qxd5 Rd7 39.Qc6 1-0

[Event "interzonal (w)"]
[Site "Chisinau MDA"]
[Date "1995.??.??"]
[Round "7"]
[White "Basagic, Vesna"]
[Black "Gurieli, Nino"]
[Result "1/2-1/2"]
[WhiteElo "2340"]
[BlackElo "2360"]
[EventDate "1995.09.??"]
[PlyCount "26"]

1.d4 d5 2.c4 e6 3.Nf3 Be7 4.Nc3 Nf6 5.Bg5 h6 6.Bxf6 Bxf6 7.e3 O-O 8.Qc2 c5
9.dxc5 Qa5 10.Be2 dxc4 11.O-O Bxc3 12.Qxc3 Qxc3 13.bxc3 Nd7 1/2-1/2

[Event "interzonal (w)"]
[Site "Chisinau MDA"]
[Date "1995.??.??"]
[Round "7"]
[White "Sakhatova, Elvira"]
[Black "Petrenko, Svetlana"]
[Result "1/2-1/2"]
[WhiteElo "2340"]
[BlackElo "2250"]
[EventDate "1995.09.??"]
[PlyCount "93"]

1.e4 c5 2.Nf3 d6 3.c3 Nf6 4.h3 Nbd7 5.Bd3 g6 6.O-O Bg7 7.Bc2 O-O 8.d4 Qc7 
9.Qe2 e5 10.dxe5 dxe5 11.a4 b6 12.Na3 Bb7 13.Re1 a6 14.Bd2 Rfe8 15.Rad1 
Nf8 16.Bc1 Rad8 17.Rxd8 Rxd8 18.Nc4 Ne8 19.Rd1 Rxd1+ 20.Qxd1 b5 21.Ne3 Nf6
22.axb5 axb5 23.Qe2 Qa5 24.Nxe5 Qa1 25.Qf1 Nxe4 26.Nd3 Ne6 27.Qd1 c4 28.
Nb4 Bxc3 29.Bxe4 Bxe4 30.bxc3 Qxc3 31.Qd2 Qa1 32.Qb2 Qxb2 33.Bxb2 f5 34.f3
Bb7 35.Nec2 Kf7 36.Nd4 Nc7 37.Kf2 Ke7 38.Bc1 Kd6 39.Ndc2 Ne6 40.Be3 Bc8 
41.Ke2 Bd7 42.Nd4 Nd8 43.Kd2 Ke5 44.Kc3 f4 45.Bf2 g5 46.Nbc2 Nf7 47.h4 
1/2-1/2

[Event "interzonal (w)"]
[Site "Chisinau MDA"]
[Date "1995.??.??"]
[Round "7"]
[White "Semenova, Lidia"]
[Black "Jezierska, Ivona"]
[Result "1-0"]
[WhiteElo "2310"]
[BlackElo "2085"]
[EventDate "1995.09.??"]
[PlyCount "91"]

1.e4 d6 2.d4 Nf6 3.Nc3 g6 4.Be2 Bg7 5.f4 O-O 6.Be3 c6 7.Bf3 Qc7 8.e5 Nd5 
9.Bxd5 cxd5 10.Nxd5 Qa5+ 11.Nc3 dxe5 12.fxe5 Rd8 13.Qe2 Nc6 14.Nf3 Bg4 15.
Rd1 Qb4 16.Qb5 Bxf3 17.Qxb4 Nxb4 18.gxf3 Nxc2+ 19.Ke2 Nxe3 20.Kxe3 Rac8 
21.f4 e6 22.Rd3 Bf8 23.a3 Rc4 24.Rhd1 Bh6 25.Ne4 Rc2 26.R3d2 Rxd2 27.Rxd2 
Bf8 28.Rc2 b5 29.Rc7 a5 30.Ng5 h6 31.Nxf7 Rd5 32.Ke4 b4 33.a4 Bg7 34.Nd6 
b3 35.Rc5 g5 36.fxg5 hxg5 37.Rxd5 exd5+ 38.Kxd5 g4 39.Nf5 Bf8 40.Kc4 Kf7 
41.Ne3 Ke6 42.Nxg4 Bb4 43.Kxb3 Kd5 44.Ne3+ Ke4 45.Nc2 Be7 46.Kc4 1-0

[Event "interzonal (w)"]
[Site "Chisinau MDA"]
[Date "1995.??.??"]
[Round "7"]
[White "Sheremetieva, Marina"]
[Black "Qin Kanying"]
[Result "0-1"]
[WhiteElo "2250"]
[BlackElo "2370"]
[EventDate "1995.09.??"]
[PlyCount "58"]

1.e4 Nf6 2.e5 Nd5 3.d4 d6 4.Nf3 Nb6 5.Be2 g6 6.a4 a5 7.exd6 cxd6 8.Nc3 Bg7
9.Be3 O-O 10.Qd2 Bg4 11.b3 Nc6 12.O-O Nb4 13.Nb5 Rc8 14.c3 N4d5 15.Bh6 
Nxc3 16.Nxc3 Bxh6 17.Qxh6 Bxf3 18.Bxf3 Rxc3 19.Rab1 d5 20.h4 Qd6 21.h5 Qf6
22.Qd2 Rfc8 23.hxg6 hxg6 24.Rfe1 e6 25.Re3 Rc2 26.Qd1 Nd7 27.Be2 Kg7 28.
Rf3 Qg5 29.Bd3 Rc1 0-1

[Event "interzonal (w)"]
[Site "Chisinau MDA"]
[Date "1995.??.??"]
[Round "7"]
[White "Wang Lei"]
[Black "Zaitseva, Ludmila"]
[Result "1-0"]
[WhiteElo "2290"]
[BlackElo "2360"]
[EventDate "1995.09.??"]
[PlyCount "91"]

1.d4 e6 2.c4 f5 3.g3 Nf6 4.Bg2 c6 5.Nf3 d5 6.O-O Bd6 7.b3 Qe7 8.Bb2 O-O 9.
Nbd2 b6 10.Ne5 Bb7 11.Nd3 a5 12.Nf3 Na6 13.e3 Rac8 14.Qe2 Ne4 15.Nfe5 Nb4 
16.Rfc1 Nxd3 17.Nxd3 Ba6 18.cxd5 cxd5 19.Qd1 Ba3 20.Bxa3 Qxa3 21.Bxe4 fxe4
22.Nf4 Qb2 23.h4 Bd3 24.Kg2 h5 25.Qe1 Kf7 26.Qd1 Kg8 27.g4 e5 28.dxe5 Rxc1
29.Rxc1 hxg4 30.Qe1 g3 31.Kxg3 Qxe5 32.Qc3 Qf5 33.Qd4 g5 34.Qxd5+ Qxd5 35.
Nxd5 gxh4+ 36.Kg2 b5 37.Nf4 Rd8 38.Kh3 a4 39.Rd1 axb3 40.axb3 Rf8 41.Rd2 
Rd8 42.Kxh4 Kf7 43.Kg5 Ke7 44.Kf5 b4 45.Ke5 Rc8 46.Nxd3 1-0

[Event "interzonal (w)"]
[Site "Chisinau MDA"]
[Date "1995.??.??"]
[Round "7"]
[White "Lu Xiaosha"]
[Black "Peng Zhaoqin"]
[Result "1/2-1/2"]
[WhiteElo "2280"]
[BlackElo "2355"]
[EventDate "1995.09.??"]
[PlyCount "20"]

1.e4 c5 2.f4 e6 3.Nf3 d5 4.Bb5+ Bd7 5.Bxd7+ Nxd7 6.d3 Ne7 7.Nc3 d4 8.Ne2 
Nc6 9.O-O Be7 10.c4 f5 1/2-1/2

[Event "interzonal (w)"]
[Site "Chisinau MDA"]
[Date "1995.??.??"]
[Round "7"]
[White "Zhukova, Natalia"]
[Black "Janjgava, Natia"]
[Result "1-0"]
[WhiteElo "2360"]
[BlackElo "2280"]
[EventDate "1995.09.??"]
[PlyCount "79"]

1.d4 Nf6 2.Nf3 g6 3.Bf4 Bg7 4.e3 O-O 5.h3 c5 6.c3 cxd4 7.exd4 d6 8.Bd3 Nd5
9.Bg3 Nc6 10.O-O e5 11.dxe5 dxe5 12.Re1 Nf4 13.Bxf4 exf4 14.Be4 Qc7 15.
Nbd2 h6 16.Qc2 Ne7 17.Nb3 a6 18.Nbd4 Bf6 19.Rad1 Bd7 20.Qc1 Rad8 21.Ne2 g5
22.Ned4 Kg7 23.Qb1 Qc8 24.Bc2 Qc5 25.Nd2 Bxd4 26.cxd4 Qd6 27.Ne4 Qb6 28.d5
Ng6 29.b4 f3 30.Qb2+ f6 31.g3 Bxh3 32.d6 Bc8 33.Rd5 Qc6 34.Rc5 Qe8 35.Re3 
Be6 36.Rc7+ Rd7 37.Rxd7+ Bxd7 38.Nxf6 Rxf6 39.Rxe8 Bxe8 40.Be4 1-0

[Event "interzonal (w)"]
[Site "Chisinau MDA"]
[Date "1995.??.??"]
[Round "8"]
[White "Arakhamia, Ketevan"]
[Black "Matveeva, Svetlana"]
[Result "1-0"]
[WhiteElo "2420"]
[BlackElo "2440"]
[EventDate "1995.09.??"]
[PlyCount "121"]

1.e4 e6 2.d4 d5 3.Nc3 Nf6 4.e5 Nfd7 5.f4 c5 6.Nf3 Nc6 7.Be3 cxd4 8.Nxd4 
Bc5 9.Qd2 O-O 10.O-O-O a6 11.h4 Nxd4 12.Bxd4 b5 13.Rh3 b4 14.Na4 Bxd4 15.
Qxd4 a5 16.Bb5 Rb8 17.Bd3 Qc7 18.Re1 Qc6 19.b3 Ba6 20.Bxa6 Qxa6 21.Rg3 
Rbc8 22.f5 Qc6 23.Re2 Kh8 24.h5 Rg8 25.Rf3 f6 26.exf6 e5 27.fxg7+ Rxg7 28.
Qd2 Nf6 29.Kb1 Ne4 30.Qe3 Rg4 31.Qa7 Qb5 32.Rd3 Rg7 33.Qb6 Qxb6 34.Nxb6 
Nc3+ 35.Rxc3 Rxc3 36.f6 Rf7 37.Nxd5 Rg3 38.a3 bxa3 39.Ka2 Rg5 40.h6 Rd7 
41.Ne7 Rd8 42.c4 e4 43.Rxe4 Rxg2+ 44.Kxa3 Rf2 45.Nd5 Rf3 46.Re7 Rb8 47.f7 
Rf8 48.c5 a4 49.Re8 Rxb3+ 50.Ka2 Rb8 51.Rxb8 Rxb8 52.c6 a3 53.Nb6 Rf8 54.
c7 Rc8 55.Nd7 Rf8 56.Ne5 Rc8 57.Nd7 Rf8 58.Nb6 Rc8 59.Nd5 Rf8 60.Nf6 Rc8 
61.Ne8 1-0